| 000 | 01376cam a22003494a 4500 | ||
|---|---|---|---|
| 999 |
_c50506 _d50506 |
||
| 001 | 12798324 | ||
| 005 | 20200227150156.0 | ||
| 008 | 020601s2003 enkab b 001 0 eng | ||
| 010 | _a 2002075133 | ||
| 020 | _a0415241456 | ||
| 020 | _a0415241464 (pbk.) | ||
| 040 |
_aDLC _cDLC _dDLC |
||
| 041 | _aeng | ||
| 042 | _apcc | ||
| 050 | 0 | 0 |
_aGB401.5 _b.H845 2003 |
| 080 | _a551.4 H-88 | ||
| 082 | 0 | 0 |
_a551.41 _221 |
| 100 | 1 |
_aHuggett, Richard J. _97557 |
|
| 245 | 1 | 0 |
_aFundamentals of geomorphology / _cRichard John Huggett. |
| 264 |
_aLondon : _bRoutledge, _c2003. |
||
| 300 |
_axiv, 386 p., [8] p. of plates : _bill. (some col.), maps ; _c26 cm. |
||
| 490 | 1 | _aRoutledge fundamentals of physical geography | |
| 504 | _aIncludes bibliographical references (p. [353]-374) and index. | ||
| 650 | 0 |
_aGeomorphology. _97558 |
|
| 653 | _aგეომორფოლოგია | ||
| 830 | 0 |
_aRoutledge fundamentals of physical geography series. _97559 |
|
| 856 | 4 | 2 |
_3Publisher description _uhttp://www.loc.gov/catdir/enhancements/fy0650/2002075133-d.html |
| 856 | 4 | 2 |
_3Contributor biographical information _uhttp://www.loc.gov/catdir/enhancements/fy1002/2002075133-b.html |
| 906 |
_a7 _bcbc _corignew _d1 _eocip _f20 _gy-gencatlg |
||
| 942 |
_2udc _cBK |
||
| 955 |
_apc20 2002-06-01 to ASCD _ijb10 2002-06-04 _aaa07 2002-06-04 _aps11 2004-04-12 2 copies rec'd., to CIP ver. |
||